Allenatori più vincenti della storia della Juventus - Statistics

Statistiche generali
  • Questo quiz è stato fatto 286 volte
  • Il punteggio medio è 5 su 11
Statistiche sulle risposte
Nazione Periodo Totale trofei Trofei vinti Allenatore % Corretto
Italia 2014-2019; 2021-2024 11 5 Campionati italiani; 5 Coppe Italia; 2 Supercoppe Italiane Massimiliano Allegri
99%
Italia 2011-2014 5 3 Campionati italiani; 2 Supercoppe Italiane Antonio Conte
96%
Italia 1994-1999; 2001-2004 13 5 Campionati italiani; 1 Coppa Italia; 4 Supercoppe Italiane; 1 UEFA Champions League; 1 Supecoppa UEFA; 1 Coppa Intercontinentale Marcello Lippi
90%
Italia 2020-2021 2 1 Coppa Italia; 1 Supercoppa Italiana Andrea Pirlo
85%
Italia 1976-1986; 1991-1994 14 6 Campionati italiani; 2 Coppe Italia; 1 Coppa dei Campioni; 2 Coppe UEFA; 1 Coppa delle Coppe; 1 Supercoppa UEFA; 1 Coppa Intercontinentale Giovanni Trapattoni
82%
Italia 1988-1990 2 1 Coppa Italia; 1 Coppa UEFA Dino Zoff
38%
Paraguay 1964-1969 2 1 Campionato italiano; 1 Coppa Italia Heriberto Herrera
23%
Italia 1959-1961; 1961-1962; 1974-1976 5 3 Campionati italiani; 2 Coppe Italia Carlo Parola
15%
Cecoslovacchia 1971-1974 2 2 Campionati italiani Čestmír Vycpálek
9%
Italia / Argentina 1930-1934 4 4 Campionati italiani Carlo Carcano
8%
Italia 1946-1948; 1959-1960 3 1 Campionati italiani; 2 Coppa Italia Renato Cesarini
3%
Nessun quiz corrispondente trovato
Distribuzione punteggi
Percentuale di utenti per punteggio
Percentile per numero di risposta
I tuoi punteggi nel tempo
Non hai fatto questo quiz